Tutti gli Stati che hanno controllato Macao - Statistics

Statistiche generali
  • Questo quiz è stato fatto 4 volte
  • Il punteggio medio è 9 su 20
Statistiche sulle risposte
con Immagini Hint Risposta % Corretto
1557 - 1999 Impero Coloniale Portoghese
100%
1259 - 1279 Impero Mongolo
100%
1999 - Oggi Repubblica Popolare Cinese
100%
1368 -1557 Dinastia Ming
75%
960 - 1259 Dinastia Song
50%
618 - 690 Dinastia Tang
50%
1279 - 1368 Dinastia Yuan
50%
557 - 589 Dinastia Chen Meridionale
25%
907 - 960 Dinastia Han Meridionale
25%
110 a.C. - 9 Dinastia Han Occidentale
25%
23 - 222 Dinastia Han Orientale
25%
280 - 420 Dinastia Jin
25%
502 - 557 Dinastia Liang Meridionale
25%
420 - 479 Dinastia Liu Song
25%
479 - 502 Dinastia Qi Meridionale
25%
589 - 618 Dinastia Sui
25%
705 - 907 Dinastia Tang
25%
9 - 23 Dinastia Xin
25%
690 - 705 Dinastia Zhou
25%
222 - 280 Regno Wu Orientale
25%
Nessun quiz corrispondente trovato
Distribuzione punteggi
Percentuale di utenti per punteggio
Percentile per numero di risposta
I tuoi punteggi nel tempo
Non hai fatto questo quiz